Statistics for Wherever You Are - 5 Seconds of Summer (All Lyrics)

Click here to take the quiz!

General Stats

  • This quiz has been taken 160 times
  • The average score is 203 of 228

Answer Stats

Wherever You Are% Correct
You
100%
you
100%
a
99%
I
99%
Wherever
99%
wherever
99%
are
98%
it
96%
be
95%
the
95%
we
95%
can
93%
can't
93%
Verse 1For
93%
Just
93%
just
93%
to
93%
know
92%
say
92%
will
92%
in
91%
and
90%
And
90%
But
90%
end
90%
Every
90%
of
90%
That
90%
that
90%
thinking
90%
had
89%
night
89%
always
88%
have
88%
stop
88%
were
88%
almost
87%
call
87%
When
87%
while
87%
airport
86%
at
86%
goodbye
86%
never
86%
shouldn't
86%
two
86%
could
85%
crying
85%
pretended
85%
plane
84%
tell
84%
door
82%
knew
82%
nothing
82%
Nothing
82%
So
82%
so
82%
they
82%
Pre-ChorusTorn
81%
all
79%
closed
79%
finally
77%
hold
77%
inside
77%
we'll
77%
some
76%
we'd
76%
together
75%
forever
74%
barely
73%
same
73%
day
72%
fly
72%
is
72%
oceans
72%
on
72%
there's
72%
this
72%
thousand
72%
what
72%
walk
71%
stays
70%
compares
69%
why
69%
alone
68%
didn't
68%
don't
68%
gone
68%
want
68%
lasts
67%
way?
67%
you've
67%
feeling
66%
moved
66%
truth
64%
already
62%
wish
62%
I'll
59%
Maybe
59%

Score Distribution

Percentile by Number Answered

Percent of People with Each Score

Your Score History

You have not taken this quiz